00616nam a22001817a 450000500170000001000150001702000270003202000240005903500130008303700130009608200120010924501310012126000450025227000650029730000350036250000190039770000180041620140808110005.0 aENG-110247 a9780198097532c2495.00 a0198097530c2495.00 aEN-93779 bDBAD/PUB a338.954 aThe Oxford handbook of the Indian economy in the 21st century :bunderstanding the inherent dynamism /cedited by Ashima Goyal aNew DelhibOxford University Pressc2014 aYMCA Library Building, 1 Jai Singh Road bNew Delhie110001 alxxiii,965p. :c24cm(Hb)bill. aIncludes index aGoyal, Ashima